Overseas Players to Play for the Sixers in the BBL - Statistics

General Stats
  • This quiz has been taken 15 times
  • The average score is 7 of 27
Answers on the Grid
Answers color-coded by a green-red scale on the quiz's grid according to % correct below.
Sachithra Senanayake
Akeal Hossein
Alex Hales
Babar Azam
Carlos Brathwaite
Chris Jordan
Chris Tremlett
Colin Munro
Darren Bravo
Dwayne Bravo
Fazalhaq Farooqi
Izharulhaq Naveed
Jafer Chohan
Jake Ball
James Vince
Jason Holder
Jason Roy
Jeevan Mendis
Joe Denly
Johan Botha
Michael Lumb
Mohummed Hasnain
Nathan McCullum
Naveen-ul-Haq
Rashid Khan
Ravi Bopara
Rehan Ahmed
Riki Wessels
Sam Billings
Sam Curran
Shadab Khan
Sunil Narine
Tim Southee
Tom Curran
 
Answer Stats
Answer % Correct
BBL 15 Babar Azam
88%
BBL10 Jason Holder
50%
BBL15 Sam Curran
50%
BBL08 - BBL11 Tom Curran
50%
BBL01 Dwayne Bravo
38%
BBL 14 - Current Jafer Chohan
38%
BBL09 - BBL14 James Vince
38%
BBL06 - BBL08 Jason Roy
38%
BBL08 - BBL09 Joe Denly
38%
BBL06 - BBL08 Sam Billings
38%
BBL14 Akeal Hossein
25%
BBL08, BBL10 - BBL11 Carlos Brathwaite
25%
BBL11 - BBL12 Chris Jordan
25%
BBL12 Izharulhaq Naveed
25%
BBL11 Jake Ball
25%
BBL11 Shadab Khan
25%
BBL03 Chris Tremlett
13%
BBL07 Colin Munro
13%
BBL05 Johan Botha
13%
BBL01 Michael Lumb
13%
BBL12 Naveen-ul-Haq
13%
BBL03 Ravi Bopara
13%
BBL04 - BBL05 Riki Wessels
13%
BBL03
Sachithra Senanayake
0%
BBL02 Jeevan Mendis
0%
BBL02 Nathan McCullum
0%
BBL02 Sunil Narine
0%
No matching quizzes found
Score Distribution
Percent of People with Each Score
Percentile by Number Answered
Your Score History
You have not taken this quiz